000 00191 a2200097 4500
020 _a9781846865541
041 _aspa
100 _aStella Blackstone
245 _aOso en el Trabajo
942 _cK
999 _c30521
_d30519